000 02325cam a2200289 4500500
005 20260329014112.0
041 _afre
042 _adc
100 1 0 _aPérez, Alejandro
_eauthor
245 0 0 _aL’anthropologie informationnelle (de Marc Bellion) et l’au-delà
260 _c2026.
500 _a65
520 _aCet article propose une analyse critique de l’anthropologie informationnelle développée par Marc Bellion, qui applique la théorie de l’information à la question de l’identité personnelle et la résurrection. En s’appuyant sur une approche émergentiste, Bellion propose que l’être humain soit composé d’un esprit et d’un corps informationnel. Après la mort, la continuité de la personne serait assurée par la mémoire de Dieu, où l’esprit et les informations essentielles subsisteraient. L’article salue l’originalité de cette proposition, mais souligne des ambiguïtés théologiques et philosophiques, notamment le rôle central attribué à Dieu dans la préservation de l’identité.
520 _aThis article offers a critical analysis of informational anthropology as developed by Marc Bellion and which applies information theory to the question of personal identity and the resurrection. Taking leads from an emergentist approach, Bellion’s proposal is that the human being be composed of an informational spirit and body. After death, the person’s continuity would be guaranteed by God’s memory, where the spirit and essential information subsist. The article hails the originality of the proposition, but underlines the theological and philosophical ambiguities, notably the central role attributed to God in the preservation of identity.
690 _aanthropologie informationnelle
690 _aémergentisme
690 _arésurrection
690 _athéologie analytique
690 _athéorie de l’information
690 _aanalytical theology
690 _aemergentism
690 _ainformation theory
690 _ainformational anthropology
690 _aresurrection
786 0 _nRevue des sciences philosophiques et théologiques | 109 | 4 | 2026-01-12 | p. 719-734 | 0035-2209
856 4 1 _uhttps://shs.cairn.info/revue-revue-des-sciences-philosophiques-et-theologiques-2025-4-page-719?lang=fr&redirect-ssocas=7080
999 _c1886231
_d1886231